000
00313nam a22001337a 4500
008
181101b xxu||||| |||| 00| 0 eng d
020
_a
2900538734942
041
_a
eng
080
_2
12th
_a
612.39
100
_a
10
101
_a
NUT
245
_a
Nutrition Concepts & Controversies
_c
Sizer,F.S
942
_2
udc
_c
BK
999
_c
51410
_d
51410